000 00568nam a2200205Ia 4500
005 20260429112048.0
008 260429s9999||||xx |||||||||||||| ||und||
020 _a9781836596295
041 _aEnglish
082 _a658.401
_bDAV
100 _aDavis, Christopher
245 0 _aCorporate strategic management /
_cChristopher Davis
250 _a1st ed.
260 _aLondon :
_bETP ED- Tech Press,
_c2025.
300 _axii, 260 p.; hb
650 _a Business administration
650 _a Corporate planning
650 _aStrategic management
942 _cTB
999 _c52148
_d52148